| 000 | 01863cam a2200229 4500 | ||
|---|---|---|---|
| 001 | ##L132162 | ||
| 008 | 060116n2006 000 0 eng u | ||
| 035 | _a(Sirsi) u132162 | ||
| 041 | 0 | _aeng | |
| 050 | 0 | 4 | _a692.8 $2 18 |
| 110 | 1 |
_aUnited Kingdom _bDepartment of Trade and Industry |
|
| 245 | 0 | 0 |
_aImproving payment practices in the construction industry _banalysis of the consultation to amend Part II of the Housing Grants Construction and Regeneration Act 1996 and Scheme for Construction Contracts (England and Wales) Regulations 1998 |
| 260 |
_aLondon _bDTI _c2006 |
||
| 520 | _aSummarises the responses received following the "Improving payment practices in the construction" consultation (L129312) which closed on 21 June 2005. Outlines government proposals in the light of those responses and announces planned next steps towards amending the legislation. Covers the payment framework, other payment proposals and adjudication proposals. Key proposals include: introducing a requirement that certification of the sum due, by one of the contracting parties or a third party, becomes an essential feature of contractual payments; removing s110(2) of the 1996 Act's requirement for a payer notice; introducing a right to apply where a certificate is not issued by the due date, and making certain payment mechanisms including pay-when-certified clauses ineffective. | ||
| 590 | _aIKA170106 | ||
| 650 | 2 | 4 | _aHOUSING GRANTS CONSTRUCTION AND REGENERATION ACT PART II |
| 650 | 2 | 4 | _aSCHEME FOR CONSTRUCTION CONTRACTS (ENGLAND AND WALES) REGULATIONS 1998 |
| 690 | _aBUILT ENVIRONMENT-CONSTRUCTION MANAGEMENT-BUILDING CONTRACT ADMINISTRATION | ||
| 710 | 1 |
_aWales _bNational Assembly for Wales _94836 |
|
| 856 | 4 | 0 |
_uhttps://www.dti.gov.uk/construction/hgcra/hgcralead.htm _zView the analysis and proposals free of charge at www.dti.gov.uk... |
| 942 | _n0 | ||
| 999 |
_c105045 _d105045 |
||